Savannah/Hilton Head Int. Airport Destinations (Savannah, GA, USA) - Statistics

General Stats
  • This quiz has been taken 80 times
    24 since last reset
  • The average score is 31 of 37
Answer Stats
Airline Destination % Correct
Delta Air Lines Atlanta
100%
Allegiant Air/Delta Air Lines/Delta Connection/JetBlue Boston
100%
Southwest Airlines Chicago (Midway)
100%
American Airlines/United Airlines/United Express Chicago (O'Hare)
100%
American Airlines/American Eagle Dallas/Fort Worth
100%
Southwest Airlines Dallas (Love)
100%
Southwest Airlines Houston (Hobby)
100%
United Airlines/United Express Houston (Intercontinental)
100%
American Eagle Miami
100%
Delta Connection/JetBlue New York (JFK)
100%
Delta Connection New York (LaGuardia)
100%
Delta Air Lines/Sun Country Airlines Minneapolis/St. Paul
95%
Spirit Airlines/United Airlines/United Express Newark
95%
American Eagle Philadelphia
95%
Southwest Airlines St. Louis
95%
Allegiant Air/United Airlines/United Express Washington (Dulles)
95%
American Eagle Washington (National)
95%
Southwest Airlines Baltimore
90%
American Airlines/American Eagle Charlotte
90%
Allegiant Air Cincinnati
90%
Southwest Airlines/United Airlines/United Express Denver
90%
Delta Air Lines Detroit
90%
Southwest Airlines Nashville
90%
Breeze Airways New Orleans
90%
Allegiant Air Columbus (Rickenbacker)
86%
Allegiant Air Pittsburgh
86%
Allegiant Air/Spirit Airlines Fort Lauderdale
76%
Allegiant Air Indianapolis
76%
Breeze Airways Hartford
67%
Avelo Airlines New Haven
62%
Breeze Airways Providence
52%
Allegiant Air St. Petersburg/Clearwater
52%
Allegiant Air Akron/Canton
48%
Allegiant Air Grand Rapids
43%
Allegiant Air Appleton
38%
Breeze Airways White Plains
33%
Allegiant Air Punta Gorda (FL)
29%
No matching quizzes found
Score Distribution
Percent of People with Each Score
Percentile by Number Answered
Your Score History
You have not taken this quiz since the last reset